Distance education: (Record no. 17016)

MARC details
000 -LEADER
fixed length control field 00736nam a22002057a 4500
008 - FIXED-LENGTH DATA ELEMENTS--GENERAL INFORMATION
fixed length control field 081020t xxu||||| |||| 00| 0 eng d
010 ## - LIBRARY OF CONGRESS CONTROL NUMBER
LC control number ENG-84049
020 ## - INTERNATIONAL STANDARD BOOK NUMBER
International Standard Book Number 8131300781
020 ## - INTERNATIONAL STANDARD BOOK NUMBER
Terms of availability 250.00 (hb)
035 ## - SYSTEM CONTROL NUMBER
System control number EN-67582
082 ## - DEWEY DECIMAL CLASSIFICATION NUMBER
Classification number 374.4 / SID
100 ## - MAIN ENTRY--PERSONAL NAME
Personal name Siddiqui, Mujibul Hasan
245 ## - TITLE STATEMENT
Title Distance education:
Remainder of title theory and research /
Statement of responsibility, etc by Mujibul Hasan Siddiqui
260 ## - PUBLICATION, DISTRIBUTION, ETC. (IMPRINT)
Place of publication, distribution, etc New Delhi
Name of publisher, distributor, etc A P H Publishing
260 ## - PUBLICATION, DISTRIBUTION, ETC. (IMPRINT)
Date of publication, distribution, etc 2007
300 ## - PHYSICAL DESCRIPTION
Extent xiv,161p
Dimensions 22cm
500 ## - GENERAL NOTE
General note Includes bibliographical references
942 ## - ADDED ENTRY ELEMENTS (KOHA)
Source of classification or shelving scheme Dewey Decimal Classification
Koha item type English Books
Classification part 374.4
Call number suffix SID
Holdings
Withdrawn status Lost status Source of classification or shelving scheme Damaged status Not for loan Home library Current library Date acquired Cost, normal purchase price Total Checkouts Full call number Barcode Date last seen Copy number Cost, replacement price Price effective from Koha item type
    Dewey Decimal Classification   Not For Loan D.B.Act.Division D.B.Act.Division 22/02/2007 250.00   374.4 SID 374.4 / SID 21/10/2008 1 250.00 21/10/2008 English Books

© Delhi Public Library
Hit Counter
free hit counter